00257nam a2200109Ia 4500008004100000100001800041245004100059250000800100260002300108300000800131650000800139191201s2007 xx 000 0 und d aRENDER, Barry 0aQuantitative Analysis for Management a9th aN.DelhibPHIc2007 a631 aMBA